ABC de los arrendamientos urbanos manual de propietarios e inquilinos /

Bibliographic Details
Main Author: Zaforteza Soca̕s, Jos ̌Mara̕
Format: Unknown
Language:Spanish
Published: Barcelona : Bosch, 1996
Subjects:
Online Access:Acceso restringido

MARC

LEADER 00000ny a22000003n 4500
005 2011052001291.0
008 971014s1996 sp 000 spa c
017 |a Z3370-1996 
020 |a 8476984219 
035 |a 1200 
040 |a UMA.DER  |d UMA.RE  |d vLex 
080 |a 347.453.3(0.034) 
090 |c 85  |d 85 
100 1 |a Zaforteza Soca̕s, Jos ̌Mara̕ 
245 1 0 |a ABC de los arrendamientos urbanos  |h [Recurso electrn̤ico]  |b manual de propietarios e inquilinos /  |c Jos ̌Ma. Zaforteza Soca̕s 
256 |a Servicio en ln̕ea 
260 |a Barcelona :  |b Bosch,  |c 1996 
300 |a 278 p. ;  |c 24 cm 
504 |a aÌ‚Indice 
506 1 |a Contenido solo disponible en los productos indicados  |d vLex Global  |d vLex Global (Academic Edition, excluding Law Schools)  |d vLex Global (U.S. Academic Edition, Law Schools)  |d vLex Global (U.S. Academic Edition, excluding Law Schools)  |d vLex Global (Academic Edition, Law Schools) 
650 0 7 |a Contrato de arrendamiento  |2 Tesauro vLex 
650 0 7 |a Civil  |2 Tesauro vLex 
650 0 7 |a Arrendamientos urbanos  |2 Tesauro vLex 
650 0 7 |a Arrendamientos  |2 Tesauro vLex 
740 0 |a vLex Libros (Servicios en ln̕ea) 
856 4 0 |u http://vlex.com/source/1200  |z Acceso restringido 
942 |c BOOK 
999 0 4 |a Leases  |z Spain